La chispa de la vida

Bewaard in:
Bibliografische gegevens
Hoofdauteur: Remarque, Erich Maria
Formaat: Boek
Taal:Undetermined
Gepubliceerd in: Buenos Aires, Argentina Peuser 1953
Onderwerpen:
Tags: Voeg label toe
Geen labels, Wees de eerste die dit record labelt!

MARC

LEADER 00000nam a2200000Ia 4500
008 170316s9999 xx 000 0 und d
040 |a cru BVZT 
090 |a 830 R-1ch 
100 |a Remarque, Erich Maria 
245 |a La chispa de la vida 
260 |a Buenos Aires, Argentina 
260 |b Peuser 
260 |c 1953 
300 |a 386 páginas 
650 |a LITERATURA ALEMANA 
999 |c 7417  |d 7417 
942 |c 15 D  |h 830 R-1ch  |2 z